| 000 | 02007nam a2200589 i 4500 | ||
|---|---|---|---|
| 001 | 23760 | ||
| 003 | KOSZ 005 | ||
| 005 | 20240829102844.0 | ||
| 008 | 240829s1987 pl a g 001 0 pol | ||
| 015 | _aUWD 1988/882 | ||
| 020 | _a830202788X | ||
| 035 | _a991002959419705066 | ||
| 035 | _a(PL-WaBN)b1080139x-48omnis_nlop | ||
| 035 | _ab1080139x | ||
| 035 | _a(OCoLC)830082883 | ||
| 035 | _azz2003953314 | ||
| 035 | _a(PL)b0000001080139 | ||
| 035 | _a(EXLNZ-48OMNIS_NETWORK)9910214452405606 | ||
| 040 |
_aWA N _cWA N _dKOSZ 005/RW |
||
| 045 |
_bd1795 _bd1914 |
||
| 046 | _k1971 | ||
| 080 | _a94(438).07 | ||
| 080 | _a(075.8) | ||
| 245 | 0 | 0 |
_aHistoria Polski 1795-1914 / _cKrzysztof Groniowski, Jerzy Skowronek. |
| 250 | _aWydanie 3 poprawione i uzupełnione. | ||
| 260 |
_aWarszawa : _bWydawnictwa Szkolne i Pedagogiczne, _c1987. |
||
| 300 |
_a418, [1] stron, [4] karty tablic kolorowych : _bfaksy, fotografie, mapy, portrety ; _c25 cm. |
||
| 336 |
_aTekst _btxt _2rdacontent |
||
| 337 |
_aBez urządzenia pośredniczącego _bn _2rdamedia |
||
| 338 |
_aWolumin _bnc _2rdacarrier |
||
| 380 | _aKsiążki | ||
| 380 | _aPublikacje dydaktyczne | ||
| 385 |
_mPoziom nauczania _aSzkoły wyższe |
||
| 388 | 1 | _a1901-2000 | |
| 388 | 1 | _a1945-1989 | |
| 504 | _aBibliografia na stronach 374-[383]. Indeksy. | ||
| 648 | 7 |
_a1701-1800 _2DBN |
|
| 648 | 7 |
_a1801-1900 _2DBN |
|
| 648 | 7 |
_a1901-2000 _2DBN |
|
| 650 | 7 | _aGospodarka | |
| 650 | 7 | _aPolityka | |
| 650 | 7 | _aSpołeczeństwo | |
| 651 | 7 |
_aPolska _2DBN |
|
| 655 | 7 |
_aPodręczniki akademickie _2DBN |
|
| 658 | _aHistoria | ||
| 700 | 1 |
_aGroniowski, Krzysztof _d(1932-2012) _eAutor |
|
| 700 | 1 |
_aSkowronek, Jerzy _d(1937-1996) _eAutor |
|
| 710 | 2 |
_aWydawnictwa Szkolne i Pedagogiczne _4pbl |
|
| 856 |
_uhttps://koha.tu.koszalin.pl/cgi-bin/koha/opac-detail.pl?biblionumber=23760 _yKatalog online BPK |
||
| 942 |
_2UKD _cKS |
||
| 999 |
_c23760 _d23760 |
||